مكتبة جامعة عجلون الوطنية

فهرس بحث المكتبة

Nutrition through the life cycle / (Record no. 33629)

MARC details
000 -LEADER
fixed length control field 02347cam a2200421 i 4500
001 - CONTROL NUMBER
control field 20664031
003 - CONTROL NUMBER IDENTIFIER
control field JO-AjAnu
005 - DATE AND TIME OF LATEST TRANSACTION
control field 20240806104006.0
008 - FIXED-LENGTH DATA ELEMENTS--GENERAL INFORMATION
fixed length control field 180910s2020 cau b 001 0 eng d
010 ## - LIBRARY OF CONGRESS CONTROL NUMBER
LC control number 2018957739
015 ## - NATIONAL BIBLIOGRAPHY NUMBER
National bibliography number GBB919296
Source bnb
016 7# - NATIONAL BIBLIOGRAPHIC AGENCY CONTROL NUMBER
Record control number 019227024
Source Uk
020 ## - INTERNATIONAL STANDARD BOOK NUMBER
International Standard Book Number 9780357730423
Qualifying information (pbk.)
020 ## - INTERNATIONAL STANDARD BOOK NUMBER
International Standard Book Number 1337919330
020 ## - INTERNATIONAL STANDARD BOOK NUMBER
International Standard Book Number 9781337919340
Qualifying information (loose-leaf edition)
020 ## - INTERNATIONAL STANDARD BOOK NUMBER
International Standard Book Number 1337919349
035 ## - SYSTEM CONTROL NUMBER
System control number (OCoLC)on1084391431
040 ## - CATALOGING SOURCE
Original cataloging agency UKMGB
Language of cataloging eng
Transcribing agency UKMGB
Description conventions rda
Modifying agency OCLCO
-- OCLCF
-- OCLCQ
-- UKMGB
-- DLC
-- JO-AjAnu
042 ## - AUTHENTICATION CODE
Authentication code lccopycat
050 00 - LIBRARY OF CONGRESS CALL NUMBER
Classification number TX353
Item number .B7635 2024
082 04 - DEWEY DECIMAL CLASSIFICATION NUMBER
Classification number 612.3
Edition number 23
100 1# - MAIN ENTRY--PERSONAL NAME
Personal name Brown, Judith E.,
Relator term author.
245 10 - TITLE STATEMENT
Title Nutrition through the life cycle /
Statement of responsibility, etc. Judith E. Brown, Ph. D., M.P.H., R.D., University of Minnesota ; with Ellen Lechtenberg, Maureen A. Murtaugh, Patricia L. Splett, Jaime Strang, Robyn Wong, Ellen K. Bowser, Beth L. Leonberg, Nadine R. Sahyoun.
250 ## - EDITION STATEMENT
Edition statement 8th edition
Remainder of edition statement Judith Brown.
264 #1 - PRODUCTION, PUBLICATION, DISTRIBUTION, MANUFACTURE, AND COPYRIGHT NOTICE
Place of production, publication, distribution, manufacture Boston, MA :
Name of producer, publisher, distributor, manufacturer Cengage,
Date of production, publication, distribution, manufacture, or copyright notice 2024.
300 ## - PHYSICAL DESCRIPTION
Extent xxi, 586 pages :
Dimensions 26 cm
336 ## - CONTENT TYPE
Content type term text
Content type code txt
Source rdacontent
337 ## - MEDIA TYPE
Media type term unmediated
Media type code n
Source rdamedia
338 ## - CARRIER TYPE
Carrier type term volume
Carrier type code nc
Source rdacarrier
500 ## - GENERAL NOTE
General note Previous edition: Australia: Cengage Learning, 2017.
504 ## - BIBLIOGRAPHY, ETC. NOTE
Bibliography, etc. note Includes bibliographical references and index.
505 0# - FORMATTED CONTENTS NOTE
Formatted contents note Nutrition basics -- Preconception nutrition -- Preconception nutrition: conditions and interventions -- Nutrition during pregnancy -- Nutrition during pregnancy: conditions and interventions -- Nutrition during lactation -- Nutrition during lactation: conditions and interventions -- Infant nutrition -- Infant nutrition: conditions and interventions -- Toddler and preschooler nutrition -- Toddler and preschooler nutrition: conditions and interventions -- Child and preadolescent nutrition -- Child and preadolescent nutrition: conditions and interventions -- Adolescent nutrition -- Adolescent nutrition: conditions and interventions -- Adult nutrition -- Adult nutrition: conditions and interventions -- Nutrition and older adults -- Nutrition and older adults: conditions and interventions.
650 #0 - SUBJECT ADDED ENTRY--TOPICAL TERM
Topical term or geographic name entry element Nutrition.
650 #7 - SUBJECT ADDED ENTRY--TOPICAL TERM
Topical term or geographic name entry element Nutrition.
Source of heading or term fast
Authority record control number or standard number (OCoLC)fst01042187
906 ## - LOCAL DATA ELEMENT F, LDF (RLIN)
a 7
b cbc
c copycat
d 2
e ncip
f 20
g y-gencatlg
942 ## - ADDED ENTRY ELEMENTS (KOHA)
Source of classification or shelving scheme Library of Congress Classification
Koha item type Books
Suppress in OPAC No
Holdings
Withdrawn status Lost status Source of classification or shelving scheme Damaged status Not for loan Home library Current library Date acquired Total Checkouts Full call number Barcode Date last seen Price effective from Koha item type
    Library of Congress Classification     مكتبة جامعة عجلون الوطنية مكتبة جامعة عجلون الوطنية 06/08/2024   TX353.B7635 2024 e3864 06/08/2024 06/08/2024 Books
    Library of Congress Classification     مكتبة جامعة عجلون الوطنية مكتبة جامعة عجلون الوطنية 06/08/2024   TX353.B7635 2024 e3863 06/08/2024 06/08/2024 Books